00548 2200193 4500245011200000020001800112250001100130100002000141700001500161700001700176650001700193650001400210005001900224260004600243041001400289084001000303300003200313336000900345 a5 Prinsip Kepemimpinan b : Strategi Jitu Membuat Orang Lain Mengikuti Kemauan AndacHeifetz, RonaldhText a979-3727-27-6 aCet. 1 aHeifetz, Ronald aSuyanto SS aTim Prestasi aKepemimpinan aPsikologi a20230213135100 aJakartabPrestasi Pustaka Publisherc2005 aIndonesia a158.4 axxiii, 108 hlm. :c20.5 cm. atext